LEADER 00726nus1 2200217 i 450 001 CFI0167500 005 20251003044128.0 100 $a20200928a19..9999||||0itac50 ba 102 $ait 110 $ab|u|||||||| 200 1 $aˆGli ‰studi 210 $aRoma$cEditori riuniti. 517 1 $aˆGli ‰studi. Filosofia e scienze sociali.$9CFI0257404 801 3$aIT$bIT-000000$c20200928 901 $bNAP AB$cS.A. $n$ 901 $bNAP AB$cF.A.F. $n$ 912 $aCFI0167500 977 $a 01$a 27$a 35$a 83$a 84$a AB$a AG$a AN$a AR$a AV$a BN$a BU$a CI$a CR$a DP$a DV$a FC$a FG$a FT$a GE$a IR$a MV$a SG 996 $aStudi$961691 997 $aUNISANNIO 998 \\$1001RAV0106332$12001 $a<>studi. Filosofia e scienze umane